<?xml version="1.0" encoding="UTF-8"?>
<record
    xmlns:xsi="http://www.w3.org/2001/XMLSchema-instance"
    xsi:schemaLocation="http://www.loc.gov/MARC21/slim http://www.loc.gov/standards/marcxml/schema/MARC21slim.xsd"
    xmlns="http://www.loc.gov/MARC21/slim">

  <leader>01131nam a2200217 a 4500</leader>
  <controlfield tag="001">000046139</controlfield>
  <controlfield tag="003">OSt</controlfield>
  <controlfield tag="005">20201117145129.0</controlfield>
  <controlfield tag="008">150626s2002    dr            000 0 spa d</controlfield>
  <datafield tag="020" ind1=" " ind2=" ">
    <subfield code="a">9993402400</subfield>
  </datafield>
  <datafield tag="040" ind1=" " ind2=" ">
    <subfield code="a">DO-SdBNP</subfield>
    <subfield code="b">spa</subfield>
    <subfield code="c">BNPHU</subfield>
  </datafield>
  <datafield tag="082" ind1=" " ind2=" ">
    <subfield code="a">xxxx</subfield>
    <subfield code="b">xxxx</subfield>
  </datafield>
  <datafield tag="100" ind1="1" ind2=" ">
    <subfield code="a">Fern&#xE1;ndez P., Enrique</subfield>
    <subfield code="9">14030</subfield>
  </datafield>
  <datafield tag="245" ind1="1" ind2="0">
    <subfield code="a">Gu&#xED;a para la inversi&#xF3;n social corporativa en la Rep&#xFA;blica Dominicana /</subfield>
    <subfield code="c">Enrique Fern&#xE1;ndez P. ; pr&#xF3;logo Jos&#xE9; A. Le&#xF3;n.</subfield>
  </datafield>
  <datafield tag="260" ind1=" " ind2=" ">
    <subfield code="a">Santo Domingo :</subfield>
    <subfield code="b">Alianza ONG,</subfield>
    <subfield code="c">2002.</subfield>
  </datafield>
  <datafield tag="300" ind1=" " ind2=" ">
    <subfield code="a">89 [4] p. ;</subfield>
    <subfield code="c">21 cm.</subfield>
  </datafield>
  <datafield tag="504" ind1=" " ind2=" ">
    <subfield code="a">Bibliograf&#xED;a : p. 79-80</subfield>
  </datafield>
  <datafield tag="505" ind1="0" ind2=" ">
    <subfield code="a">Filantrop&#xED;a e inversi&#xF3;n social --</subfield>
    <subfield code="t">Alianzas estrat&#xE9;gicas para que ganemos todos --</subfield>
    <subfield code="t">Fundaciones corporativas o acci&#xF3;n corporativa directa --</subfield>
    <subfield code="t">Identificando socio para la labor filantr&#xF3;pica --</subfield>
    <subfield code="t">Enfocando sectores estrat&#xE9;gicos --Al C&#xE9;sar lo que es del C&#xE9;sar y a Dios lo que es de Dios --</subfield>
    <subfield code="t">La gerencia de la inversi&#xF3;n social corporativa --</subfield>
    <subfield code="t">Imagen e informaci&#xF3;n p&#xFA;blica sobre la inversi&#xF3;n social de la empresa --</subfield>
    <subfield code="t">Voluntariado y compromiso personal.</subfield>
  </datafield>
  <datafield tag="700" ind1="1" ind2="2">
    <subfield code="a">Le&#xF3;n, Jos&#xE9; A.,</subfield>
    <subfield code="e">pr&#xF3;l.</subfield>
    <subfield code="9">19117</subfield>
  </datafield>
  <datafield tag="942" ind1=" " ind2=" ">
    <subfield code="2">ddc</subfield>
    <subfield code="c">LBS1</subfield>
  </datafield>
  <datafield tag="952" ind1=" " ind2=" ">
    <subfield code="0">0</subfield>
    <subfield code="1">0</subfield>
    <subfield code="2">ddc</subfield>
    <subfield code="5">1</subfield>
    <subfield code="7">1</subfield>
    <subfield code="8">PD</subfield>
    <subfield code="a">BNPHU</subfield>
    <subfield code="b">PD</subfield>
    <subfield code="c">HD</subfield>
    <subfield code="d">2015-06-26</subfield>
    <subfield code="e">Chiqui Vicioso Fidelio D.</subfield>
    <subfield code="i">LF1</subfield>
    <subfield code="l">0</subfield>
    <subfield code="o">xxxx xxxx</subfield>
    <subfield code="p">46139-10</subfield>
    <subfield code="r">2020-06-25</subfield>
    <subfield code="w">2020-06-25</subfield>
    <subfield code="y">LFPD</subfield>
    <subfield code="z">Perteneci&#xF3; a la biblioteca personal de Chiqui Vicioso / Fidelio Despradel..</subfield>
  </datafield>
  <datafield tag="952" ind1=" " ind2=" ">
    <subfield code="0">0</subfield>
    <subfield code="1">0</subfield>
    <subfield code="2">ddc</subfield>
    <subfield code="5">1</subfield>
    <subfield code="7">2</subfield>
    <subfield code="8">MO</subfield>
    <subfield code="a">BNPHU</subfield>
    <subfield code="b">PD</subfield>
    <subfield code="c">HD</subfield>
    <subfield code="d">2020-11-17</subfield>
    <subfield code="e">Familia Reyes Duluc.</subfield>
    <subfield code="l">0</subfield>
    <subfield code="o">xxxx xxxx</subfield>
    <subfield code="r">2020-11-17</subfield>
    <subfield code="t">e. 2</subfield>
    <subfield code="w">2020-11-17</subfield>
    <subfield code="y">LBS1</subfield>
  </datafield>
  <datafield tag="999" ind1=" " ind2=" ">
    <subfield code="c">45628</subfield>
    <subfield code="d">45628</subfield>
  </datafield>
</record>
